[Event "EU-ch 18th"]
[Site "Minsk"]
[Date "2017.06.07"]
[Round "8"]
[White "Anton Guijarro, David"]
[Black "Howell, David"]
[Result "0-1"]
[WhiteElo "2660"]
[BlackElo "2684"]
[Annotator "Roiz,M"]
[PlyCount "106"]
[EventDate "2017.05.30"]
[EventType "swiss"]
[EventRounds "11"]
[EventCountry "BLR"]
[SourceTitle "CBM 179"]
[Source "ChessBase"]
[SourceDate "2017.07.12"]
[SourceVersion "1"]
[SourceVersionDate "2017.07.12"]
[SourceQuality "1"]

1. e4 e5 2. Nf3 Nc6 3. Bc4 Bc5 4. c3 Nf6 5. d3 O-O 6. O-O d5 7. exd5 Nxd5 8. a4
{This advance is frequently seen in various lines of the Italian nowadays.} Nb6
{GM Howell chooses a considerably rare way of handling the position.} (8... Nf6
{doesn't offer Black full equality:} 9. Nbd2 Bf5 10. Qe2 Qe7 11. Ne4 Nxe4 12.
dxe4 Be6 13. b4 Bd6 14. a5 $14 {Shankland,S (2656)-Nakamura,H (2814) Baku AZE
2015}) ({Quite popular is also} 8... a5 {, but exposing the b5-spot might
cause Black some problems. For instance,} 9. Nbd2 Nb6 10. Bb5 Bd6 11. Re1 Bg4
12. Ne4 Na7 13. h3 Bh5 14. d4 Nxb5 15. axb5 exd4 16. Nxd6 Bxf3 17. Qxf3 Qxd6
18. Rd1 $14 {Giri,A (2782)-Aronian,L (2792) Leuven BEL 2016}) ({The flexible
response} 8... a6 $5 {looks perfectly playable and leads to a complicated
struggle:} 9. Nbd2 Kh8 10. Re1 f6 11. d4 Ba7 (11... exd4 12. Nb3 Ba7 13. Nbxd4
Nxd4 14. Nxd4 $14 {Giri,A (2755)-Tomashevsky,E (2731) Moscow RUS 2016}) 12.
dxe5 Nxe5 13. Nxe5 fxe5 14. Nf3 c6 $6 (14... Bxf2+ $142 $1 15. Kxf2 Qh4+ 16.
Kg1 Qxc4 17. Rxe5 Nf6 $11) 15. Bg5 Qb6 16. Bxd5 cxd5 17. Be3 Qxb2 18. Bxa7 Rxa7
19. Qxd5 $16 {1/2 (44) Kramnik,V (2808)-Karjakin,S (2781) Stavanger NOR 2017})
9. Bb5 {The most challenging - the pressure on the Pe5 is one of Black's main
worries.} ({The modest} 9. Bb3 a5 10. Bg5 Qd6 $11 {offers Black comfortable
play.}) 9... Ne7 {This is a positional pawn sac - the exchange of the powerful
Bb5 is Black's undisputable achievement.} 10. Nxe5 ({Another way of grabbing
the pawn is} 10. a5 c6 11. axb6 cxb5 12. Rxa7 Rxa7 13. bxa7 Bxa7 14. Nxe5 Bf5
15. Na3 ({After} 15. Be3 Bb8 16. d4 f6 17. Nf3 Nd5 $44 {Alekseev,E (2636)
-Eliseev,U (2606) St Petersburg RUS 2016, Black had decent compensation for a
pawn à la Marshall.}) 15... Bb8 16. d4 f6 $2 ({The correct} 16... b4 $1 17.
cxb4 Qd6 18. Nac4 Qxb4 19. b3 Qb5 {wouldn't yield White real winning chances.})
17. Nd3 Qd7 18. Re1 $16 {Mamedov,R (2666)-Balogh,C (2614) Baku AZE 2016}) 10...
c6 11. Bc4 Bd6 12. a5 $1 $146 {This innovation is a definite improvement} ({
over} 12. Nf3 Nxc4 13. dxc4 Qc7 $44 {Sedina,E (2275)-Loiacono,A (2085) Trieste
ITA 2016; Black was fine.}) 12... Bxe5 $6 {David manages to regain the pawn,
but the lack of coordination enables White to seize the initiative.} ({A
better choice would be} 12... Nxc4 13. Nxc4 Bc7 14. Bg5 f6 15. Bh4 Nf5 16. Bg3
Nxg3 17. hxg3 {though in the resulting position Black still has to claim
sufficient compensation for a pawn.}) 13. axb6 Qxb6 14. Re1 Qc7 (14... Bd6 15.
Nd2 Qc7 16. Qh5 {is just a transposition.}) 15. Qh5 $1 Bd6 16. Nd2 $14 {
White's pieces are suddenly getting very active.} Nd5 17. Ne4 Be6 18. d4 Rfe8
19. Nxd6 {Obtaining the bishop pair secures White a small, but long-lasting
advantage.} ({It was also possible to keep the tension by means of} 19. Bd3 $5
g6 20. Qh4 Bf5 21. f3 $36) 19... Qxd6 20. Bd3 Nf6 {The most natural.} ({
Of course, David isn't happy with exposing his king with} 20... g6) 21. Qg5 $6
{An unsuccessful decision - the queen is clearly misplaced there.} ({The
correct way was} 21. Qf3 Bg4 22. Bf4 $1 Qd7 23. Qg3 $14) 21... h6 22. Qf4 $6 {
Another inaccuracy, which drastically changes the course of the game.} ({
It was necessary to connect the rooks:} 22. Bf4 hxg5 23. Bxd6 {even though in
the subsequent position Black is able to set up a blockade and solve the
problems:} Nd5 24. f3 a5 25. Kf2 b5 $11) 22... Bc4 $1 23. Rd1 Qe6 $1 ({Black's
position would be better also in the event of} 23... Qxf4 24. Bxf4 Bxd3 25.
Rxd3 b5 26. Kf1 a5 $15 {but the simplifications might make White's defensive
task easier.}) 24. Bxc4 Qxc4 {Unfortunately, there is no good square for
White's bishop at the moment.} 25. Qg3 $6 ({A better move was} 25. Qf5 Nd5 26.
Bd2 a5 $15) 25... Re6 $1 {This strong move is connected with a pawn sacrifice.}
26. Rxa7 {Accepting the challenge.} ({In the event of} 26. Bf4 Nh5 27. Qf3 Nxf4
28. Qxf4 Re2 $17 {the penetration of Black's rook puts White in big danger.})
26... Rxa7 27. Qb8+ Kh7 28. Qxa7 Ng4 $1 {The activity of Black's pieces is
threatening.} 29. d5 $2 {Alas, Anton Guijarro doesn't withstand the pressure.}
({White's position was desperate, but had he played} 29. Bf4 Nxf2 30. Rf1 Nd3
31. Bg3 Re7 $17 {the result still would be unpredictable.}) 29... Qe2 30. Rf1
Rf6 31. Be3 ({The alternative -} 31. dxc6 bxc6 32. f3 {was equally bad:} Nxh2
33. Rf2 Nxf3+ $1 34. Rxf3 Qd1+ 35. Kh2 Rxf3 36. gxf3 Qxc1 $19) 31... Nxh2 $1 {
The major loss of material is unavoidable now.} 32. Kxh2 Qxf1 33. Qxb7 Qc4 ({
An even stronger move was} 33... c5 $1 34. d6 (34. Bxc5 Rf5 35. Be3 Qd3 $19)
34... Qd3 35. d7 Rd6 36. d8=Q Rxd8 37. Qxf7 Qe4 $19) 34. Bd4 ({After} 34. dxc6
Qh4+ 35. Kg1 Qe4 36. Qc7 Rxc6 37. Qb7 Qb1+ 38. Kh2 Qg6 {Black should be able
to convert the material advantage into a full point, but the task is not
trivial.}) 34... Rg6 $1 35. Qxf7 c5 $1 {GM Howell is playing precisely - now
the vulnerablity of White's king starts to tell.} 36. Be5 Qh4+ 37. Kg1 Qh5 (
37... Qe4 $1 38. Bg3 Rf6 39. Qa7 Rf5 {wins on the spot.}) 38. Bg3 Qd1+ 39. Kh2
Rg5 40. f3 Qxd5 41. Qxd5 Rxd5 {The resulting endgame is hopeless.} 42. b4 c4
43. Kg1 h5 44. Kf1 Rd2 {Now White is almost paralysed.} 45. Be5 g5 46. Bd4 Rb2
47. Kg1 Kg6 48. Kh2 Kf5 49. Be3 Rb3 50. Bd2 ({Or} 50. Bd4 Kf4 51. Kg1 g4 $19)
50... Rb1 51. Be3 Rd1 52. Bf2 Rd3 53. Be1 Re3 0-1

[Event "WchT 11th"]
[Site "Khanty-Mansiysk"]
[Date "2017.06.20"]
[Round "4.4"]
[White "Xiong, Jeffery"]
[Black "Negi, Parimarjan"]
[Result "0-1"]
[WhiteElo "2658"]
[BlackElo "2670"]
[Annotator "Sagar Shah"]
[PlyCount "128"]
[EventDate "2017.06.17"]
[EventType "team-tourn"]
[EventRounds "9"]
[EventCountry "RUS"]
[SourceTitle "CBM 179"]
[Source "ChessBase"]
[SourceDate "2017.07.12"]
[SourceVersion "1"]
[SourceVersionDate "2017.07.12"]
[SourceQuality "1"]
[WhiteTeam "US of America"]
[BlackTeam "India"]
[WhiteTeamCountry "USA"]
[BlackTeamCountry "IND"]

1. e4 e5 2. Nf3 Nc6 3. Bc4 Bc5 4. c3 Nf6 5. d3 d6 6. O-O h6 7. Re1 O-O 8. Nbd2
a6 9. Nf1 $5 {Bold play by Xiong. He is not afraid that ...Na5 will win his
c4-bishop. Usually White would play Bb3 in such positions to preserve the
light squared bishop. But that's a tempo loss and Black usually replies with ..
.Be6.} Na5 10. b4 $5 {This was Xiong's idea which has been seen in the game
between Giri and Mamedyarov.} Nxc4 11. bxc5 Na5 12. a4 (12. cxd6 cxd6 13. a4 b5
14. axb5 axb5 15. Rb1 Qc7 16. Bd2 Re8 17. h3 Nb7 18. Nh4 d5 19. exd5 Nxd5 20.
Rxb5 Nxc3 21. Bxc3 Qxc3 22. Nf3 Ra5 23. Rxa5 Qxa5 24. Qd2 Qb5 25. Qc3 f6 26. d4
exd4 27. Nxd4 Qd7 28. Rxe8+ Qxe8 29. Ne3 Nd6 30. Qc5 Qe5 31. Qxe5 fxe5 32. Nc6
e4 33. Kh2 Kf7 34. Kg3 g5 35. h4 Nf5+ 36. Nxf5 Bxf5 37. hxg5 hxg5 38. Ne5+ Kf6
39. Nc4 Be6 40. Ne3 {1/2-1/2 (40) Giri,A (2755)-Mamedyarov,S (2761) Moscow 2016
}) 12... Re8 13. cxd6 Qxd6 14. Ba3 Qd8 15. Ng3 b6 {The bishop will be well
placed on b7, but this does seem a tad slow.} 16. d4 $1 {Xiong is quick to
realise that this is his opportunity.} Nc4 17. Nxe5 (17. Qb3 Nxa3 (17... Na5
18. Qc2 $16) 18. Nxe5 $16) 17... Nxe5 18. dxe5 Qxd1 19. Raxd1 Rxe5 20. f4 Re8
21. e5 {White is pushing on. And optically it does seem that he is better. But
Black has no weaknesses and it is not so easy to find out, which is the point
that White should be attacking in Black's position.} Nd7 22. a5 {A little bit
too over-ambitious.} (22. Nf5 {was interesting, threatening Ne7 and Nxc8.} Nc5
23. Ne3 Nxa4 24. Nd5 Ra7 25. Ne7+ Kh7 26. Nxc8 Rxc8 27. Rd7 {with good play
for the pawn.}) 22... Kh7 23. axb6 Nxb6 24. Rd4 f6 $1 {Black's position
doesn't look too attractive. The rooks are disconnected, the pawns seem
isolated, yet there is no way for White to take advantage of it and hence the
position is equal.} 25. f5 $2 {Now this just loses a pawn.} Rxe5 26. Rxe5 fxe5
27. Rg4 Bd7 {It would be interesting to know what was it that Jeffery had
prepared. Because he just lost a pawn!} 28. c4 a5 29. Kf2 a4 30. Ke1 Rg8 (30...
Be8 $1 {The idea is to play ...Bf7 and get the knight to c4 and evict the
bishop out of a3.} 31. Ne4 Rd8 (31... Bf7 32. Nd2) 32. f6 g5 $19) 31. Bb2 g6 {
Parimarjan plays in a very pragmatic fashion. He gives back the pawn, just so
that he can free up his position.} 32. c5 Nd5 33. fxg6+ Rxg6 34. Rxg6 Kxg6 35.
Bxe5 {The material is even, but the a4-pawn is a real trump.} a3 36. Kd2 a2 37.
Ne2 Nb4 38. Nc1 Kf5 39. Bb2 Be6 40. Nd3 Na6 41. Ke3 Bc4 42. Ne5 (42. Kd4 Bxd3
43. Kxd3 Nxc5+ 44. Kc4 Ne4 45. Kb3 {This should end in a draw.}) 42... Bd5 43.
g4+ Kg5 44. c6 Nb4 45. Kd4 Be6 46. Kc3 Nd5+ 47. Kd4 Kh4 48. Ke4 Nb4 49. Nd3
Nxc6 {By nimble manoeuvring Black has won a pawn!} 50. Bf6+ Kxg4 {And another!}
51. Ne5+ Nxe5 52. Bxe5 Kh3 53. Kf3 c5 {This opposite coloured bishop endgame
is completely winning because Black will give up his a-pawn to win the h2-pawn
and the resulting two pawns would be just too far away for White to handle.}
54. Kf2 a1=Q 55. Bxa1 Kxh2 56. Bg7 h5 57. Bf8 c4 58. Bb4 Bd5 59. Bc3 Kh3 60.
Be5 Kg4 61. Ke3 h4 62. Kd4 h3 63. Ke3 Bf7 64. Bd6 Be8 (64... Be8 65. Be5 Bb5
66. Bd6 c3 67. Be5 Ba4 68. Kd3 c2 69. Kd2 Kf3 $19) 0-1